000 00934cam a22002291 4500
001 it 01000267
003 DLC
005 20260227111518.0
008 801208s1890 it 000 0 ita
010 _ait 01000267
035 _a(OCoLC)7013257
040 _aDLC
_cFU
_dFU
_dDLC
042 _apremarc
050 0 0 _aAS222
_b.F5 no. 19
100 1 _aMartinati, Camillo,
_d1863-
245 1 0 _aNotizie storico-biografiche intorno al conte Baldassare Castiglione con documenti inediti.
_cStudio dell dott. Camillo Martinati.
260 _aFirenze,
_bCoi tipi dei successori Le Monnier,
_c1890.
300 _a91 p.
_c28 cm.
490 0 _aPubblicazioni del R. Istituto di studi superiori pratici e di perfezionamento in Firenze. Sezione di filosofia e filologia. [no. 19]
500 _aAt head of title: R. Istituto di studi superiori pratici e di perfezionamento in Firenze.
600 1 0 _aCastiglione, Baldassarre,
_cconte,
_d1478-1529.
999 _c34862
_d34862